000 00696nam a22002057a 4500
005 20250627122150.0
010 _aENG-145593
020 _a9789354420917
_c985.00
035 _aEN-129125
037 _bDBAD
082 _a355.033054
245 _aEnduring and Emerging Issues in South Asian Security/
_cEdited By Sumit Ganguly [and] Dinshaw Mistry
250 _a1
260 _aChennai
_bOrient Blackswan Private Limited
_c2022
270 _aOrient Blackswan Private Limited, 160 Anna Salai,
_bChennai
_e600002
300 _a230p.
_c23cm(pb)
700 _aGanguly, Sumit
_eEditor
_982409
700 _aMistry, Dinshaw
_eEditor
_982410
942 _2ddc
_cEN
_h355.033054
_mGAN
999 _c211984
_d211984